ბათუმის შოთა რუსთაველის სახელმწიფო უნივერსიტეტის ბიბლიოთეკა

ჩანაწერი Geographic Name

ჩანაწერთა რაოდენობა, რომელიც გამოყენებულია: 1

001 - CONTROL NUMBER

  • control field: 8892

003 - CONTROL NUMBER IDENTIFIER

  • control field: GE_BSU

005 - DATE AND TIME OF LATEST TRANSACTION

  • control field: 20200629140820.0

008 - FIXED-LENGTH DATA ELEMENTS

  • fixed length control field: 200629|| aca||aabn | a|a d

040 ## - CATALOGING SOURCE

  • Original cataloging agency: GE_BSU
  • Transcribing agency: GE_BSU

151 ## - HEADING--GEOGRAPHIC NAME

  • Geographic name: Europe
  • General subdivision: History
  • Chronological subdivision: 21st century.

670 ## - SOURCE DATA FOUND

  • Source citation: Work cat.: (GE_BSU)0: Kershaw, Ian, author. 8889, The Global Age :